| 000 | 01356cam a22001814a 4500 | ||
|---|---|---|---|
| 005 | 20250605163342.0 | ||
| 008 | 250528s ||||||||||||||||||||||||d | ||
| 035 | _a17410 | ||
| 020 | _a1591395747 | ||
| 040 |
_aGR-AtMCL _bgre _dGR-AtMCL _eAACR2 |
||
| 245 | 1 | _aThe Essentials of Negotiation / Business Literacy for HR Professionals | |
| 260 |
_bHarvard Business School Press, _c2005 |
||
| 300 | _a364 | ||
| 520 | _aThis practical tool includes tips and tools that will help HR professionals become effective and influential negotiators in their firms. Introduction, Negotiation and the HR Professional, The HR Professional as Negotiation Agent, Types of Negotiation, Types of Negotiation, The Importance of Relationships, Four Key Concepts, Preparing for a Negotiation, Negotiation Strategies, Frequently Asked Tactical Questions, Manipulative Negotiation Ploys, Barriers to Agreement, Mental Errors, Negotiations with Job Seekers and Employees, Negotiation with your Boss and Peer Managers and Other Senior Executives, Negotiations with Vendors and Consultants, Negotiations with Labor Unions, Negotiation over Legal Disputes, Negotiations Related to Mergers and Acquisitions, Making Negotiation a Core Capability, Sharpening your Skills and Benefiting Your Company, Notes, Glossary, Index. | ||
| 942 | _cBK | ||
| 999 |
_c2831 _d2831 |
||